Lucretius on the nature of things /

Bibliographic Details
Main Author: Lucretius Carus, Titus
Format: Book
Language:English
Latin
Published: London : G. Bell, 1904.
Series:Bohn's libraries : Classical library

MARC

Tag First Indicator Second Indicator Subfields
LEADER 00000cam a2200000 i 4500
001 in00000072439
005 20151008053419.0
008 761227s1904 enk 00110deng d
035 |a (OCoLC)02649067 
035 |9 AAH7354AM 
040 |a TOL  |c TOL  |d m.c.  |d TXA  |d UtOrBLW 
041 1 |a eng  |a lat 
049 |a TXAM  |c [367201] 
090 |a PA6483.E5  |b W3 1904 
100 1 |a Lucretius Carus, Titus. 
245 1 0 |a Lucretius on the nature of things /  |c literally translated by John Selby Watson ; with the poetical version of John Mason Good. 
264 1 |a London :  |b G. Bell,  |c 1904. 
300 |a xxiii, 496 pages ;  |c 19 cm. 
336 |a text  |b txt  |2 rdacontent 
337 |a unmediated  |b n  |2 rdamedia 
338 |a volume  |b nc  |2 rdacarrier 
490 0 |a Bohn's libraries : Classical library 
504 |a Includes bibliographical references and index. 
999 |a MARS 
999 f f |s 1ce54a14-ede9-38e3-b17e-8088c83103fc  |i b61b7d5c-2977-3dc2-84ec-358472e6db78  |t 0 
952 f f |p normal  |a Texas A&M University  |b College Station  |c Sterling C. Evans Library  |d Evans: Library Stacks  |t 0  |e PA6483.E5 W3 1904  |h Library of Congress classification  |i unmediated -- volume  |m A14806173866 
998 f f |a PA6483.E5 W3 1904  |t 0  |l Evans: Library Stacks